| 000 | 00849nam a2200181 i 4500 | ||
|---|---|---|---|
| 001 | 162453 | ||
| 003 | ES-MaACL | ||
| 005 | 20230906212529.0 | ||
| 008 | 041111s1899 sp |||| | spa d | ||
| 040 |
_aCAM _bspa _cCAM |
||
| 100 | 1 |
_aPorrúa Rodríguez, Manuel. _9131288 |
|
| 245 | 1 | 0 |
_aMemoria acerca del estado del colegio y escuelas de Santa María de Cée _b: curso de 1898 á 1899 / _cescrita y leída por Manuel Porrúa Rodríguez. |
| 260 |
_aMadrid : _b[s.n.], _c1899 ( _fImprenta de Hernando y Compañía) |
||
| 300 |
_a[1] h. de lám., 63 p. ; _c24 cm. |
||
| 597 | _aLa h. de lám. es una fotografía del Colegio y un retrato del fundador Fernando Blanco de Lema. | ||
| 710 | 2 |
_aColegio-Instituto de Santa María de Cée. _9134272 |
|
| 852 |
_aES-MaACL _jT-933-F-5 _z-- Enc. hol. conservando la cub. original _z-- Enc. en un vol. facticio |
||
| 999 |
_c162453 _d162453 |
||